000 00434nam a2200169Ia 4500
005 20250120045448.0
008 240331s9999 xx 000 0 und d
020 _a0415014905
082 _bBRE
_23605
_a305.4
245 0 _aBetween Feminism and Psychoanalysis
260 _aLondon
_aNew York
_bRoutledge
_c1989
300 _aviii, 271 p.,
650 _aFeminism
650 _aPsychoanalysis
700 _aBrennan, T
_eedt
942 _cL
999 _c1626
_d1626